000 00672nam a2200289Ia 4500
005 20260324144220.0
008 008 260324s9999 xx 000 0 eng d
020 _a9781315812830
037 _aEBOOK
040 _aCRL
040 _beng
040 _cCRL
041 _2eng
041 _aeng
084 _qCRL
100 _aDavid Pearce
_91214450
245 0 _aConservation Today
245 0 _bConservation in Britain since 1975
260 _bTaylor and Francis
260 _c1989
365 _a
365 _b62.99
856 _uhttp://www.taylorfrancis.com/books/9781315812830
942 _cEBOOK
999 _c1824843
_d1824843